Quraat ul uoon almohideen (Record no. 574175)

000 -LEADER
fixed length control field 00495nam a22001697a 4500
003 - CONTROL NUMBER IDENTIFIER
control field CEME
005 - DATE AND TIME OF LATEST TRANSACTION
control field 20210628203538.0
008 - FIXED-LENGTH DATA ELEMENTS--GENERAL INFORMATION
fixed length control field 210119b xxu||||| |||| 00| 0 eng d
040 ## - CATALOGING SOURCE
Transcribing agency .
082 ## - DEWEY DECIMAL CLASSIFICATION NUMBER
Classification number 297.63 QUR
100 ## - MAIN ENTRY--PERSONAL NAME
Personal name Shaikh Abdul Rehman Bin Hassan Al Shaikh. Allama, Atta Ullah Saqib
9 (RLIN) 66165
245 ## - TITLE STATEMENT
Title Quraat ul uoon almohideen
260 ## - PUBLICATION, DISTRIBUTION, ETC.
Place of publication, distribution, etc. LAHORE
Name of publisher, distributor, etc. ISLAMIC PUBLICATIONS
Date of publication, distribution, etc. 2005
300 ## - PHYSICAL DESCRIPTION
Extent 300P
650 ## - SUBJECT ADDED ENTRY--TOPICAL TERM
Topical term or geographic name entry element ISLAM-QURAAT UL UOON ALMOHIDEEN.ISLAM-JADO
9 (RLIN) 66166
942 ## - ADDED ENTRY ELEMENTS (KOHA)
Koha item type Book
Source of classification or shelving scheme
Holdings
Withdrawn status Lost status Damaged status Not for loan Permanent Location Current Location Shelving location Date acquired Total Checkouts Full call number Barcode Date last seen Price effective from Koha item type
        College of Electrical & Mechanical Engineering (CEME) College of Electrical & Mechanical Engineering (CEME) General Stacks 07/28/2017   297.63 QUR CEME-45073 06/28/2021 06/28/2021 Book
© 2023 Central Library, National University of Sciences and Technology. All Rights Reserved.